| 000 | 01184cad a22001935a 4500 | ||
|---|---|---|---|
| 001 | L150781 | ||
| 008 | 100902e2010 xxk 000 0 eng d | ||
| 035 | _a(Sirsi) u150781 | ||
| 041 | 0 | _aeng | |
| 245 | 0 | 0 | _aPaddington Basin Developments Ltd, European Land and Property Ltd, Paddington Basin Management Ltd v West End Quay Estate Management Ltd and Mr Alan Sharr[electronic resource] |
| 260 | _c2010 | ||
| 520 | _a[2010] EWHC 833 (Ch), 20 April 2010. Preliminary question on whether an estate management deed between landlord and third party service provider qualified as a long term agreement for purposes of Landlord and Tenant Act 1985 and Service Charges (Consultation etc) Regulations 2003. "Held": estate management deed qualifed as a long term agreement and was subject to service charge consultation. | ||
| 590 | _aKA | ||
| 650 | 2 | 4 | _aPADDINGTON BASIN DEVELOPMENTS LTD AND ANOTHER V WEST END QUAY ESTATE MANAGEMENT LTD AND ANOTHER |
| 651 | 4 | _aENGLAND AND WALES | |
| 690 | _aPROPERTY-RESIDENTIAL PROPERTY-RESIDENTIAL LANDLORD AND TENANT | ||
| 856 | 4 | 0 |
_uhttps://www.bailii.org/ew/cases/EWHC/Ch/2010/833.html _zView this item free of charge at www.bailii.org |
| 942 | _n0 | ||
| 999 |
_c82640 _d82640 |
||